Statistics for Winter Olympics - Ski Jumping

Click here to take the quiz!

General Stats

  • This quiz has been taken 275 times
    (192 since last reset)
  • The average score is 13 of 15

Answer Stats

# of medalsAnswer% Correct
22Finland
99%
35Norway
99%
25Austria
98%
15Germany
98%
12Japan
94%
9Poland
92%
3Slovenia
91%
2Sweden
87%
5Switzerland
87%
1United States
87%
1France
81%
1Soviet Union
70%
7East Germany
65%
7Czechoslovakia
63%
2Yugoslavia
59%

Score Distribution

Percentile by Number Answered

Percent of People with Each Score

Your Score History

You have not taken this quiz since the last reset